Introducción a la historia de la vida cotidiana
Salvato in:
| Autore principale: | |
|---|---|
| Natura: | Libro |
| Lingua: | spagnolo |
| Pubblicazione: |
Ciudad de México
El Colegio de México
2006
|
| Edizione: | 1a. ed |
| Serie: | Colecció Tramas
|
| Soggetti: | |
| Tags: |
Aggiungi Tag
Nessun Tag, puoi essere il primo ad aggiungerne!!
|
MARC
| LEADER | 00000nam a2200000 a 4500 | ||
|---|---|---|---|
| 001 | UCI3153 | ||
| 003 | CL-VaPUC | ||
| 008 | 071012e20060000MX |||||||||||||||||spa|d | ||
| 020 | |a 9681211766 | ||
| 082 | 0 | 4 | |a 301 |b GON |2 21 |
| 100 | |a Gonzalbo Aizpuru, Pilar |e author |9 565733 | ||
| 245 | 1 | 0 | |a Introducción a la historia de la vida cotidiana |
| 250 | |a 1a. ed | ||
| 300 | |a 304 p | ||
| 942 | |c BK | ||
| 945 | |d 20071012 00:00:00 |a jtorresc | ||
| 260 | |a Ciudad de México |b El Colegio de México |c 2006 | ||
| 650 | 0 | |a Sociología |9 255410 | |
| 650 | 0 | |a Vida cotidiana |9 322355 | |
| 650 | 7 | |a COSTUMBRES |2 CL-VaPUC |9 337506 | |
| 650 | 0 | |a Civilización |9 255823 | |
| 583 | |a last modification |c 20071012 00:00:00 |k Rodrigo Vera | ||
| 490 | 0 | |a Colecció Tramas | |
| 999 | |c 327526 |d 327524 | ||
| 952 | |0 0 |1 0 |4 0 |6 301_000000000000000_GON_2006 |7 0 |8 A |9 410447 |a BIBHIS |b BIBHIS |d 2019-11-22 |i 4377389 |l 6 |o 301 GON 2006 |p 4377389 |r 2025-01-20 |s 2024-11-21 |w 2019-11-22 |y BK |k HIS | ||